| 000 | 01238cam a2200265 4500 | ||
|---|---|---|---|
| 001 | WB3833-19 | ||
| 008 | 020910n2002 000 0 eng u | ||
| 035 | _a(Sirsi) u119656 | ||
| 245 | _aSpotlight on value | ||
| 260 | _c2002 | ||
| 490 |
_aEstates Gazette _v(0236) 7 September 2002, 146(1) |
||
| 520 | _aLooks at the professional's, in particular the valuer's duty of care in relation to third parties. Discusses "Raja v Austin Gray" in which valuers instructed by receivers owed a duty of care to all those known to have an interest in the equity of redemption in a mortgaged property. Possible claimants against negligent valuers could include the owner of property repossessed and resold by the mortgage lender. Full transcript available on Court Service website http://www.courtservice.gov.uk/View.do?id=1315&searchTerm=raja&ascending=false&index=0&maxIndex=2. | ||
| 590 | _aWB | ||
| 650 | _aVALUERS | ||
| 650 | _aDUTY OF CARE | ||
| 650 | _aUNDERVALUE | ||
| 650 | _aMORTGAGEES | ||
| 650 | _aRECEIVERS | ||
| 650 | _aRAJA V AUSTIN GRAY | ||
| 650 | _aCUCKMERE BRICK CO V MUTUAL FINANCE LTD | ||
| 650 | _aHUISH V ELLIS | ||
| 650 | _aTHIRD PARTIES | ||
| 690 | _aPROFESSIONAL PRACTICE-NEGLIGENCE-CASE LAW | ||
| 942 | _n0 | ||
| 999 |
_c71130 _d71130 |
||